Victory undone : (Record no. 51533)

MARC details
000 -LEADER
campo de control de longitud fija 03171cam a2200493 i 4500
001 - NÚMERO DE CONTROL
campo de control 124945
005 - FECHA Y HORA DE LA ÚLTIMA TRANSACCIÓN
campo de control 20230410120753.0
008 - DATOS DE LONGITUD FIJA--INFORMACIÓN GENERAL
campo de control de longitud fija 141006s2014 dcub b 001 0 eng
035 ## - NÚMERO DE CONTROL DEL SISTEMA
Número de control de sistema 18326118
010 ## - NÚMERO DE CONTROL DE LA BIBLIOTECA DEL CONGRESO
Número de control de LC 2014033002
020 ## - NÚMERO INTERNACIONAL ESTÁNDAR DEL LIBRO
Número Internacional Estándar del Libro 9781621572800 (hardback)
040 ## - FUENTE DE CATALOGACIÓN
Centro catalogador/agencia de origen DLC
Lengua de catalogación eng
Centro/agencia transcriptor DLC
Centro/agencia modificador DLC
Normas de descripción rda
041 ## - CÓDIGO DE IDIOMA
Código de lengua del texto/banda sonora o título independiente eng
042 ## - CÓDIGO DE AUTENTICACIÓN
Código de autenticación pcc
043 ## - CÓDIGO DE ÁREA GEOGRÁFICA
Código de área geográfica a-iq---
-- n-us---
050 14 - SIGNATURA TOPOGRÁFICA DE LA BIBLIOTECA DEL CONGRESO
Número de clasificación HV 6433
Número de ítem A561v 2014
082 00 - NÚMERO DE LA CLASIFICACIÓN DECIMAL DEWEY
Número de clasificación 956.7044/3
100 1# - ENTRADA PRINCIPAL--NOMBRE DE PERSONA
Nombre de persona Andress, Carter,
Fechas asociadas al nombre 1963-
245 10 - MENCIÓN DEL TÍTULO
Título Victory undone :
Resto del título the defeat of al-Qaeda in Iraq and its resurrection as ISIS /
Mención de responsabilidad, etc. Carter Andress with Malcolm McConnell.
260 ## - PUBLICACIÓN, DISTRIBUCIÓN, ETC.
Lugar de publicación, distribución, etc. Washington, DC :
Nombre del editor, distribuidor, etc. Regnery Publishing, a Salem Communications Company,
Fecha de publicación, distribución, etc. 2014.
300 ## - DESCRIPCIÓN FÍSICA
Extensión xvii, 348 p. :
Otras características físicas ill., maps ;
Dimensiones 24 cm
504 ## - NOTA DE BIBLIOGRAFÍA, ETC.
Nota de bibliografía, etc. Includes bibliographical references (pages 307-320) and index.
505 ## - NOTA DE CONTENIDO CON FORMATO
Nota de contenido con formato Cover; Title Page; Copyright; Dedication; Contents; FOREWORD; 1. THE BEGINNING OF THE END FOR AL-QAEDA IN IRAQ; 2. THE AWAKENING JOINS THE IRAQI SECURITY SERVICES; 3. THE ULTIMATE COUNTERINSURGENTS; 4. BACK TO FALLUJAH: CONTRACTORS TAKE THE LEAD; 5. THE SURGE; 6. BLACKWATER; 7. THE TIPPING POINT; 8. SADDAM'S YELLOWCAKE; 9. THE RAID; 10. "DEATH TO AL-QAEDA!"; 11. THE OILFIELDS; 12. THE LAST OF THE OCCUPIERS; 13. THE ARAB SPRING; 14. AFGHANISTAN: HOW NOT TO DO IT; 15. CONTRACTORS AT WAR; 16. AFTER-ACTION REVIEW; ACKNOWLEDGMENTS; NOTES; BIBLIOGRAPHY; INDEX.
520 ## - RESUMEN, ETC.
Sumario, etc. "The United States defeated al Qaeda in Iraq, leaving tens of thousands of the terrorist organization's operatives and supporters dead. The Sunni Arabs of Iraq turned against al Qaeda during the Iraq War and the rest of the Arab world followed their lead, leaving Osama bin Laden the "odd man out" in the Arab Spring currently roiling the old authoritarian order in the Middle East. In the counterinsurgency campaign that followed the destruction of the Saddamist dictatorship, U.S. government contractors equaled or exceeded the number of American soldiers on the battlefield. This unprecedented situation served to train and employ 100,000s of Iraqis on reconstruction projects and thereby drained the swamp whence the al Qaeda-led insurgency sprang. Andress and McConnell make the case that without private contractors working in the war zone, America and its allies would have lost the war"--
Fuente proveedora Provided by publisher.
610 20 - PUNTO DE ACCESO ADICIONAL DE MATERIA--NOMBRE DE ENTIDAD CORPORATIVA
Nombre de entidad corporativa o nombre de jurisdicción como elemento de entrada Qaida (Organization)
650 #0 - PUNTO DE ACCESO ADICIONAL DE MATERIA--TÉRMINO DE MATERIA
Término de materia o nombre geográfico como elemento de entrada Iraq War, 2003-2011.
650 #0 - PUNTO DE ACCESO ADICIONAL DE MATERIA--TÉRMINO DE MATERIA
Término de materia o nombre geográfico como elemento de entrada War on Terrorism, 2001-2009.
650 #0 - PUNTO DE ACCESO ADICIONAL DE MATERIA--TÉRMINO DE MATERIA
Término de materia o nombre geográfico como elemento de entrada Islamic fundamentalism
Subdivisión geográfica Iraq.
650 #0 - PUNTO DE ACCESO ADICIONAL DE MATERIA--TÉRMINO DE MATERIA
Término de materia o nombre geográfico como elemento de entrada Terrorism
Subdivisión geográfica Iraq
Subdivisión general Prevention.
650 #0 - PUNTO DE ACCESO ADICIONAL DE MATERIA--TÉRMINO DE MATERIA
Término de materia o nombre geográfico como elemento de entrada Contractors
Subdivisión geográfica Iraq.
651 #0 - PUNTO DE ACCESO ADICIONAL DE MATERIA--NOMBRE GEOGRÁFICO
Nombre geográfico United States
Subdivisión general Relations
Subdivisión geográfica Iraq.
651 #0 - PUNTO DE ACCESO ADICIONAL DE MATERIA--NOMBRE GEOGRÁFICO
Nombre geográfico Iraq
Subdivisión general Relations
Subdivisión geográfica United States.
650 #4 - PUNTO DE ACCESO ADICIONAL DE MATERIA--TÉRMINO DE MATERIA
Término de materia o nombre geográfico como elemento de entrada Guerra de Irak, 2003-2011-- Influencia (+).
650 #4 - PUNTO DE ACCESO ADICIONAL DE MATERIA--TÉRMINO DE MATERIA
Término de materia o nombre geográfico como elemento de entrada Guerra de Irak, 2003-2011.
610 24 - PUNTO DE ACCESO ADICIONAL DE MATERIA--NOMBRE DE ENTIDAD CORPORATIVA
Nombre de entidad corporativa o nombre de jurisdicción como elemento de entrada Al-Qaeda.
650 #4 - PUNTO DE ACCESO ADICIONAL DE MATERIA--TÉRMINO DE MATERIA
Término de materia o nombre geográfico como elemento de entrada Fundamentalismo islámico
Subdivisión geográfica Irak.
650 #4 - PUNTO DE ACCESO ADICIONAL DE MATERIA--TÉRMINO DE MATERIA
Término de materia o nombre geográfico como elemento de entrada Terrorismo
Subdivisión general Prevención
Subdivisión geográfica Irak.
651 #4 - PUNTO DE ACCESO ADICIONAL DE MATERIA--NOMBRE GEOGRÁFICO
Nombre geográfico Iraq
Subdivisión general Relaciones exteriores
Subdivisión geográfica Estados Unidos.
651 #4 - PUNTO DE ACCESO ADICIONAL DE MATERIA--NOMBRE GEOGRÁFICO
Nombre geográfico Estados Unidos
Subdivisión general Relaciones exteriores
Subdivisión geográfica Irak.
700 1# - ENTRADA AGREGADA--NOMBRE PERSONAL
Nombre de persona McConnell, Malcolm.
925 0# -
-- acquire
-- 2 shelf copies
-- Sel/rjc, 2015-06-04
942 ## - ELEMENTOS DE ENTRADA SECUNDARIOS (KOHA)
Fuente del sistema de clasificación o colocación Clasificación de Library of Congress
Tipo de ítem Koha
946 ## - PROCESAMIENTO DE INFORMACIÓN LOCAL (OCLC)
a dpf
Holdings
Estatus retirado Estado de pérdida Fuente del sistema de clasificación o colocación Estado de daño No para préstamo Colección Biblioteca de origen Biblioteca actual Ubicación en estantería Fecha de adquisición Serial enumeration / chronology Signatura topográfica completa Código de barras Visto por última vez Copia número Tipo de ítem Koha
    Clasificación de Library of Congress     Ciencias Sociales Biblioteca Juan Bosch Biblioteca Juan Bosch Ciencias Sociales (3er. Piso) 10/04/2023 1 HV 6433 A561v 2014 00000117259 24/10/2018 1